000 00310nam a22001217a 4500
020 _a978-969-35-2258-7
040 _cCL
100 _aGopi Chand Narang
_9127802
245 _aFiction Sheriyaat Tashkeel-O-Tanqeed
260 _aLahore:
_bSang-e-Meel Publication,
_c2009.
300 _a320p.
942 _2ddc
_cBK
999 _c612814
_d612814